000 00679cam a2200241 4500
001 J2632
008 090401t1994 xxu||||| |||| 00| 0 eng d
035 _a(Sirsi) u50159
041 _aeng
050 _a693.893
100 _aWard, T.I.
245 _aAssessing condensation risk and heat loss at thermal bridges around openings.
260 _aGarston, Watford
_bBuilding Research Establishment
_c1994
300 _a(4)p. : ill. ; 30cm.
350 _a0
490 _aBRE Information Paper
_v12/94
650 _aHEAT LOSS
650 _aTHERMAL BRIDGES
690 _aBUILT ENVIRONMENT
710 _aBuilding Research Establishment
942 _n0
948 _c04/03/1997
999 _c92669
_d92669